| 000 | 01250nam a2200301 c 4500 | ||
|---|---|---|---|
| 003 | BLK | ||
| 005 | 20180422114412.0 | ||
| 008 | 180411b bul|||||r ||||||| ||bul|| | ||
| 010 | _aKNG00178811000 | ||
| 040 | _aBLK | ||
| 041 |
_aBUL _cBUL |
||
| 080 |
_aАмериканска литература (на САЩ) _b821.111(73) _x-32 _z821.111(73)-32 |
||
| 100 | 1 |
_aМелвил, Херман _eпърви автор _9372414 |
|
| 700 | 1 |
_aМиндов, Борис Иванов _eпрев. от англ. _9368236 |
|
| 700 | 1 |
_aДимитров, Живко _eхудож. _9382180 |
|
| 139 |
_aМелвил, Херман _bМ 46 |
||
| 245 | 1 | 0 |
_aОму _bПриключения из Южните морета : Повест _cХерман Мелвил; прев. от англ. Борис Иванов Миндов; худож. Живко Димитров. |
| 257 | _aUSA | ||
| 260 |
_аВарна _bГеорги Бакалов _c1980 _fСофия : Д. Благоев |
||
| 300 |
_a336 с. _bс ил. _c22 см |
||
| 380 | _aX | ||
| 500 | _aОриг. загл. Omoo Adventures in the South Seas. | ||
| 852 | _aЦб 105612 | ||
| 856 | 4 |
_qpdf _u |
|
| 856 | 4 |
_qpdf _u |
|
| 942 |
_cKNG _n0 |
||
| 944 |
_aCR _c24.07.2015 _kМилена_Ачева |
||
| 944 |
_aED _c24.07.2015 _kМилена_Ачева |
||
| 999 |
_c170643 _d170643 |
||